000 00230nam a22000857a 4500
008 160907b xxu||||| |||| 00| 0 eng d
100 _9322
_aMaanu P
245 _aHow to play Drama (Hindi)
260 _aNew Delhi
_bSuyogya publication
_c2011
999 _c2982
_d2982